00462 2200193 4500245003600000020001800036250001100054100001600065700001900081700002000100650001700120005001900137260003100156041001400187084001300201300003400214336000900248338001100257 aPenguin LovecNami, FujiohText a9786022107088 aCet. 1 aNami, Fujio aFebby Ismiyati aAstri Setyorini aKomik Jepang a20230202103743 aJakartabPT Gramediac2012 aIndonesia a741.5592 a... jil. :bilus. ;c17,5 cm. atext avolume